| 000 | 03150nam a2200505Ii 4500 | ||
|---|---|---|---|
| 001 | DIGEPUJ0162 | ||
| 003 | NyNyDIG | ||
| 008 | 190126s2017 ck a ob 000 0 spa d | ||
| 006 | m o d | ||
| 007 | cr ||||||||||| | ||
| 035 | _a(OCoLC)1077577390 | ||
| 040 |
_aDGITA _beng _erda _epn _cDGITA |
||
| 020 |
_a9789587810882 _q(eBook ; _qePub) |
||
| 020 |
_a9587810880 _q(eBook ; _qePub) |
||
| 020 | _z9789587810868 | ||
| 020 | _z9587810864 | ||
| 043 | _acl----- | ||
| 050 | 1 | 4 | _aPN1995.9.H6 ebook |
| 082 | 0 | 4 | _a791.436164 |
| 100 | 1 |
_aEljaiek Rodríguez, Gabriel Andrés, _eauthor. |
|
| 245 | 1 | 0 |
_aSelva de fantasmas : _bel gótico en la literatura y el cine latinoamericanos / _cGabriel Eljaiek Rodríguez. |
| 246 | 3 | 0 | _aGótico en la literatura y el cine latinoamericanos |
| 264 | 1 |
_aBogotá, D.C. : _bEditorial Pontificia Universidad Javeriana, _c[2017] |
|
| 300 |
_a1 online resource : _billustrations (some color) |
||
| 336 |
_atext _btxt _2rdacontent |
||
| 337 |
_acomputer _bc _2rdamedia |
||
| 338 |
_aonline resource _bcr _2rdacarrier |
||
| 490 | 1 | _aOpera eximia | |
| 500 | _aOriginally presented as the author's thesis (doctor of philosophy)--Emory University, 2012. | ||
| 504 | _aIncludes bibliographical references. | ||
| 505 | 0 | _aCaptar la benevolencia (o malevolencia) del lector -- Postales de tierra caliente : el gótico y la tropicalización de lo gótico -- Tren al sur : tropicalización del gótico en el Rio de la Plata: Entre la selva y el cinematógrafo -- Descendencia maldita -- Unos pocos buenos amigos del gótico tropical en Colombia : "La familia es una mierda" : Carne de tu carne -- Sangre, sangre, Pura sangre -- "Si entras en esta casa, no salgas" : La mansión de AraucaÍma -- Coda caleña -- Allá en el Rancho Grande : Drácula y la tropicalización del gótico en México : Vlad o el retorno de los vampiros -- De santos y vampiros : gótico en el cine mexicano -- El Santo contra los monstruos -- Vampiros de cuerda : La invención de Cronos -- Conclusión. De cómo y por qué usar fantasmas, monstruos y vampiros -- Estocada final : Música para leer la introducción -- Música para leer el capítulo I -- Música para leer el capítulo II -- Música para leer el capítulo III. | |
| 588 | 0 | _aOnline resource; title from ePub title page (Digitalia, viewed February 1, 2019) | |
| 650 | 0 |
_aHorror films _zLatin America _xHistory and criticism. |
|
| 650 | 0 |
_aGothic fiction (Literary genre), Latin American _xHistory and criticism. |
|
| 650 | 0 |
_aSpanish American fiction _xThemes, motives. |
|
| 650 | 0 |
_aGothic rock music _xHistory and criticism. |
|
| 655 | 0 | _aElectronic books. | |
| 791 | 2 |
_aDigitalia (Firm), _edistributor. |
|
| 793 | 0 |
_gDigitalia eBook Collection: _aPontificia Universidad Javeriana. |
|
| 776 | 0 | 8 |
_iPrint version: _aEljaiek Rodríguez, Gabriel Andrés. _tSelva de fantasmas. _bPrimera edición. _dBogotá : Pontificia Universidad Javeriana, 2017 _z9789587810868 _w(DLC) 2017455587 _w(OCoLC)999664946 |
| 830 | 0 | _aOpera eximia. | |
| 856 | 4 | 0 |
_3Digitalia Hispánica _uhttps://www.digitaliapublishing.com/a/56162/ |
| 910 | _aPremium collection: 2019 | ||
| 942 | _cRAA | ||
| 999 |
_c254556 _d254556 |
||